00963 a2200205 450000500170000000800410001702000180005804000630007604100080013910000270014724501540017426000970032830000260042549000340045150400410048565000400052665000430056665000430060971001050065220160225094159.0140723s2013 ck d gr|||| 00| 0 spa d a9789589881262 aCO-BoUCMbspacSandra Palacio (modificó)dJose A. Gerena0 aspa1 aBaez Pimiento, Adriana aLos nuevos movimiento sociales en América Latinabalternativas frente a la crisis de legitimidad de los partidos políticoscAdriana Baez Pimiento c2013bCorporación Universitaria de Ciencia y DesarrolloaBucaramanga (Santander, Colombia) a24 páginasbcuadros aDocumentos de investigación aIncluye referencias bibliográficas 7aCrisis políticazAmérica Latina 7aMovimientos socialeszAmérica Latina 7aPartidos políticoszAmérica Latina1 aCorporación Universitaria de Ciencia y Desarrollo. UNICIENCIAbCentro de estudios latinoamericanos